Potential of local algae strains for possible hydrogen production and phytoremediation of wastewater / (Record no. 534980)

000 -LEADER
fixed length control field 00557nam a22001577a 4500
020 ## - INTERNATIONAL STANDARD BOOK NUMBER
Qualifying information Hard Cover.
082 ## - DEWEY DECIMAL CLASSIFICATION NUMBER
Classification number 620.0011
100 ## - MAIN ENTRY--PERSONAL NAME
Personal name Ansari, Abeera Ayaz
245 ## - TITLE STATEMENT
Title Potential of local algae strains for possible hydrogen production and phytoremediation of wastewater /
Statement of responsibility, etc. Abeera Ayaz Ansari.
260 ## - PUBLICATION, DISTRIBUTION, ETC.
Place of publication, distribution, etc. Islamabad:
Name of publisher, distributor, etc. USPCASE NUST,
Date of publication, distribution, etc. 2014.
300 ## - PHYSICAL DESCRIPTION
Extent 135 p. :
Other physical details ill. ;
Dimensions 35cm.
942 ## - ADDED ENTRY ELEMENTS (KOHA)
Source of classification or shelving scheme
Koha item type Thesis
650 ## - SUBJECT ADDED ENTRY--TOPICAL TERM
Topical term or geographic name entry element Energy System Engineering MS-Thesis.
700 ## - ADDED ENTRY--PERSONAL NAME
Personal name Dr. Ehsan Ali
650 ## - SUBJECT ADDED ENTRY--TOPICAL TERM
-- 28868
700 ## - ADDED ENTRY--PERSONAL NAME
-- 28947
Holdings
Withdrawn status Lost status Source of classification or shelving scheme Damaged status Not for loan Permanent Location Current Location Shelving location Date acquired Total Checkouts Full call number Barcode Date last seen Price effective from Koha item type
          Central Library (CL) Central Library (CL) Thesis 08/25/2020   620.0011 CL-T-5846 08/25/2020 08/25/2020 Thesis
© 2023 Central Library, National University of Sciences and Technology. All Rights Reserved.